Кн. 1; Детали машин. Курсовое проектирование

Bibliografske podrobnosti
Parent link:Детали машин. Курсовое проектирование: учебник для вузов/ В. В. Гурин, В. М. Замятин, А. М. Попов; Томский политехнический университет (ТПУ). Кн. 1.— , 2009.— 978-5-98298-549-1
Izvleček:В учебнике рассмотрены основные принципы и правила выполнения конструкторских документов при проектировании изделий машиностроения и их деталей на основании существующих в настоящее время стандартов, а также правила выполнения текстовых и графических документов, расчеты привода и его составляющих, справочные материалы. Приведена методика работы над проектом в четырех стадиях (техническое задание, эскизное и техническое проектирование, рабочая документация). Подготовлен на кафедре теоретической и прикладной механики Томского политехнического университета и кафедре прикладной механики Кемеровского технологического института пищевой промышленности, предназначен для студентов, обучающихся по техническим специальностям.
Jezik:ruščina
Izdano: 2009
Teme:
Format: Knjiga
KOHA link:https://koha.lib.tpu.ru/cgi-bin/koha/opac-detail.pl?biblionumber=179737

MARC

LEADER 00000nam2a2200000 4500
001 179737
005 20231101223509.0
010 |a 9785982985514 
035 |a (RuTPU)RU\TPU\book\194838 
090 |a 179737 
100 |a 20100427d2009 m y0rusy50 ca 
101 0 |a rus 
102 |a RU 
105 |a a j 001zy 
200 0 |a Кн. 1 
210 |d 2009 
215 |a 367 с.  |c ил. 
320 |a Библиогр.: с. 356-357. 
330 |a В учебнике рассмотрены основные принципы и правила выполнения конструкторских документов при проектировании изделий машиностроения и их деталей на основании существующих в настоящее время стандартов, а также правила выполнения текстовых и графических документов, расчеты привода и его составляющих, справочные материалы. Приведена методика работы над проектом в четырех стадиях (техническое задание, эскизное и техническое проектирование, рабочая документация). Подготовлен на кафедре теоретической и прикладной механики Томского политехнического университета и кафедре прикладной механики Кемеровского технологического института пищевой промышленности, предназначен для студентов, обучающихся по техническим специальностям. 
452 1 |0 (RuTPU)RU\TPU\book\207389  |t Кн. 1  |d 2009 
461 1 |0 (RuTPU)RU\TPU\book\195023  |y 978-5-98298-549-1  |t Детали машин. Курсовое проектирование  |o учебник для вузов  |o в 2 кн.  |f В. В. Гурин, В. М. Замятин, А. М. Попов  |g Томский политехнический университет (ТПУ)  |v Кн. 1  |d 2009  |s Учебники Томского политехнического университета 
606 1 |a Детали машин  |x Курсовое проектирование  |2 stltpush  |3 (RuTPU)RU\TPU\subj\9171  |9 36449 
610 1 |a курсовое проектирование 
610 1 |a конструкторская документация 
610 1 |a текстовые технические документы 
610 1 |a графика 
610 1 |a чертежи 
610 1 |a допуски 
610 1 |a посадки 
610 1 |a механические передачи 
610 1 |a зубчатые передачи 
610 1 |a червячные передачи 
610 1 |a цепные передачи 
610 1 |a ременные передачи 
610 1 |a валы 
610 1 |a штифтовые соединения 
610 1 |a шпоночные соединения 
610 1 |a шлицевые соединения 
610 1 |a фланцевые соединения 
610 1 |a опоры 
610 1 |a подшипники качения 
610 1 |a подшипниковые узлы 
610 1 |a конструирование 
610 1 |a поверхности трения 
610 1 |a смазывание 
610 1 |a смазочные материалы 
610 1 |a смазочные устройства 
610 1 |a резьбовые соединения 
610 1 |a корпусные детали 
610 1 |a редукторы 
610 1 |a муфты 
610 1 |a двигатели 
610 1 |a покрытия 
610 1 |a учебники 
610 1 |a труды учёных ТПУ 
610 1 |a машиностроение 
675 |a 621.81.001.63(075.8)  |v 3 
801 1 |a RU  |b 63413507  |c 20100427 
801 2 |a RU  |b 63413507  |c 20221202  |g RCR 
942 |c BK